000 00411nam a2200157Ia 4500
008 210716s2014 xx 000 0 und d
020 _a9781780171807
041 _aeng
082 _a003.55 BOTF
100 _aBott, Frank.
245 _aProfessional issues in information technology.
250 _a2
260 _aNew Delhi
_bViva Books
_c2014
300 _axix,189
650 _aInfrared Technology(621.362)
999 _c194334
_d194334